Vista normal
Vista MARC
Entrada Topical Term
Número de registros utilizados en: 9
001 - CONTROL NUMBER
- control field: 2266
003 - CONTROL NUMBER IDENTIFIER
- control field: OSt
005 - DATE AND TIME OF LATEST TRANSACTION
- control field: 20200331120247.0
008 - FIXED-LENGTH DATA ELEMENTS
- fixed length control field: 200331|| aca||aabn | a|a d
040 ## - CATALOGING SOURCE
- Original cataloging agency: OSt
- Transcribing agency: OSt
150 ## - HEADING--TOPICAL TERM
- Topical term or geographic name entry element: Estrategia del desarrollo
670 ## - SOURCE DATA FOUND
- Source citation: Work cat.: (OSt)5124: Gómez Álvarez, David, coordinador 2264, Capacidades institucionales para el desarrollo humano : , 2010